|
|
|
|
| LEADER |
00000nab a2200000uu 4500 |
| 001 |
vtls011498104 |
| 003 |
SK-MaSNL |
| 005 |
20260303154757.0 |
| 008 |
230222|2011 xo |||||||||||||||||slo| |
| 015 |
|
|
|a SNBRB
|
| 035 |
|
|
|a (urnnbn)urn:nbn:sk:snk:ar-a0a5xb
|
| 035 |
|
|
|a (uuid)25df290b-902f-4aad-9b0d-4622260b8fd4
|
| 035 |
|
|
|a urn:nbn:sk:snk-abdt80
|
| 040 |
|
|
|a SNKBUCL
|b slo
|c SNKBUCL
|e AACR2
|
| 041 |
0 |
|
|a slo
|
| 044 |
|
|
|a xo
|c SK
|
| 100 |
1 |
|
|a Gerbery, Tomáš
|4 aut
|9 748663
|
| 245 |
1 |
0 |
|a Jan Keller: Tři sociální světy - Sociální struktura postindustriální společnosti
|c Tomáš Gerbery
|
| 773 |
0 |
|
|t Sociológia : časopis Sociologického ústavu Slovenskej akadémie vied
|g Roč. 43, č. 5 (2011), s. 615-617
|
| 954 |
|
|
|a odborná, vedecká literatúra pôvodná (slovenská)
|2 lita
|
| 958 |
|
|
|a OND
|
| 958 |
|
|
|a EUIPO
|
| 958 |
|
|
|a article20
|
| 999 |
|
|
|c 2036449
|d 2038379
|